Σχεδίαση και κατασκευή ηλεκτρικού μουσικού οργάνου : διπλωματική εργασία

Η εργασία αυτή σκοπό έχει την βασική κατανόηση της λειτουργίας των έγχορδων ηλεκτρικών μουσικών οργάνων και τη μελέτη των διάφορων τρόπων κατασκευής τους. Γίνεται αναφορά στην ιστορία των έγχορδων ηλεκτρικών οργάνων, αναλύονται βασικές φυσικές αρχές ταλαντώσεων οι οποίες περιγράφουν τη λειτουργία το...

Πλήρης περιγραφή

Αποθηκεύτηκε σε:
Λεπτομέρειες βιβλιογραφικής εγγραφής
Κύριος συγγραφέας: Βασιλάκης, Κωνσταντίνος
Συγγραφή απο Οργανισμό/Αρχή: Πανεπιστήμιο Αιγαίου. Σχολή Θετικών Επιστημών. Τμήμα Μηχανικών Σχεδίασης Προϊόντων και Συστημάτων
Μορφή: Thesis Βιβλίο
Γλώσσα:Greek
Δημοσίευση: 2017.
Θέματα:
Διαθέσιμο Online:http://hdl.handle.net/11610/20111
Ετικέτες: Προσθήκη ετικέτας
Δεν υπάρχουν, Καταχωρήστε ετικέτα πρώτοι!

MARC

LEADER 00000cam a2200000 a 4500
001 1/113928
008 170515s2017####gr | ||| |||| ||gre||
040 |a GR-MyUa  |b gre  |c GR-MyUa  |e AACR2 
041 0 |a gre 
082 7 |a 787.8719  |2 (23)  
100 1 |a Βασιλάκης, Κωνσταντίνος. 
245 1 0 |a Σχεδίαση και κατασκευή ηλεκτρικού μουσικού οργάνου :   |b διπλωματική εργασία /   |c Κωνσταντίνος Βασιλάκης ; επιβλέπων Π. Παπανίκος.  
260 |c 2017.  
300 |a 69 σ. :   |b εικ. ;   |c 30 εκ.  
502 |a Πτυχιακή εργασία - Πανεπιστήμιο Αιγαίου, Σύρος, 2017.  
504 |a Βιβλιογραφία: σ. 69.  
520 8 |a Η εργασία αυτή σκοπό έχει την βασική κατανόηση της λειτουργίας των έγχορδων ηλεκτρικών μουσικών οργάνων και τη μελέτη των διάφορων τρόπων κατασκευής τους. Γίνεται αναφορά στην ιστορία των έγχορδων ηλεκτρικών οργάνων, αναλύονται βασικές φυσικές αρχές ταλαντώσεων οι οποίες περιγράφουν τη λειτουργία του ήχου, και μελετούνται τα χαρακτηριστικά των διάφορων υλικών που χρησιμοποιούνται στην κατασκευής τους. Τέλος ακολουθεί μια πειραματική κατασκευή ενός ηλεκτρικού τετράχορδου μπάσου για την καλύτερη κατανόηση της κατασκευαστικής διαδικασίας. 
650 0 |a Dissertations, Academic  |z Greece. 
650 0 |a Stringed instruments  |x Construction. 
650 0 |a Bass guitar  |x Construction. 
700 1 |a Παπανίκος, Παρασκευάς,  |e dgs 
710 2 |a Πανεπιστήμιο Αιγαίου.   |b Σχολή Θετικών Επιστημών.   |b Τμήμα Μηχανικών Σχεδίασης Προϊόντων και Συστημάτων. 
852 |a INST  |b SYROS  |c DIATR  |e 20170515  |h 787.8719 ΒΑΣ  |p 005500013047  |q 005500013047  |t DIE  |y 23 
856 |u http://hdl.handle.net/11610/20111 
924 |a Βασιλάκης  |b Κωνσταντίνος  |y Σύρος  |z 2017-05 
970 |a Κοντού  |b Παρασκευή  |z 15/05/2017